LEADER 01858nam 2200613Ia 450 001 9910455167703321 005 20200520144314.0 010 $a1-5231-1926-8 010 $a1-59693-104-3 035 $a(CKB)1000000000787540 035 $a(CtWfDGI)bks00032820 035 $a(SSID)ssj0000263466 035 $a(PQKBManifestationID)11195231 035 $a(PQKBTitleCode)TC0000263466 035 $a(PQKBWorkID)10282163 035 $a(PQKB)10100011 035 $a(MiAaPQ)EBC1931612 035 $a(Au-PeEL)EBL1931612 035 $a(CaPaEBR)ebr10312931 035 $a(OCoLC)903441988 035 $a(EXLCZ)991000000000787540 100 $a20080618d2008 uy 0 101 0 $aeng 135 $aurzn|||||| 181 $ctxt 182 $cc 183 $acr 200 10$aUbiquitous positioning$b[electronic resource] /$fRobin Mannings 210 $aBoston ;$aLondon $cArtech House$dc2008 215 $axiv, 203 p. $cill 225 0 $aArtech House GNSS library 225 1 $aMobile communications series 225 1 $aGNSS technology and applications series 300 $aTitle from title screen. 311 $a1-59693-103-5 320 $aIncludes bibliographical references and index. 410 0$aMobile communications series. 410 0$aGNSS technology and applications series. 606 $aComputer networks 606 $aGlobal Positioning System$xData processing 606 $aUbiquitous computing 608 $aElectronic books. 615 0$aComputer networks. 615 0$aGlobal Positioning System$xData processing. 615 0$aUbiquitous computing. 676 $a004.01/9 700 $aMannings$b Robin$0889599 801 0$bMiAaPQ 801 1$bMiAaPQ 801 2$bMiAaPQ 906 $aBOOK 912 $a9910455167703321 996 $aUbiquitous positioning$91987190 997 $aUNINA LEADER 01529nam 2200373Ia 450 001 996384811903316 005 20200824132137.0 035 $a(CKB)4940000000075371 035 $a(EEBO)2248534750 035 $a(OCoLC)ocm12166317e 035 $a(OCoLC)12166317 035 $a(EXLCZ)994940000000075371 100 $a19850617d1689 uy | 101 0 $aeng 135 $aurbn||||a|bb| 200 04$aThe Argument of the Lord Chief Justice of the Court of King's Bench concerning the great case of monopolies, between the East-India Company, plantiff, and Thomas Sandys, defendant$b[electronic resource] $ewherein their patent for trading to the East-Indies, exclusive of all others, is adjudged good 210 $aLondon $cPrinted, and are sold by Randal Taylor ...$d1689 215 $a[4], 32 p 300 $aReproduction of original in Bodleian Library. 330 $aeebo-0014 606 $aMonopolies$zEngland$vEarly works to 1800 615 0$aMonopolies 701 $aJeffreys$b George Jeffreys$cBaron,$f1644 or 5-1689.$01009678 701 $aSandys$b Thomas$01018903 712 02$aEngland and Wales.$bCourt of King's Bench. 712 02$aEast India Company. 801 0$bEAA 801 1$bEAA 801 2$bm/c 801 2$bWaOLN 906 $aBOOK 912 $a996384811903316 996 $aThe Argument of the Lord Chief Justice of the Court of King's Bench concerning the great case of monopolies, between the East-India Company, plantiff, and Thomas Sandys, defendant$92399178 997 $aUNISA